000 01111nam a2200265 a 4500
001 000040760
005 20240305130443.0
008 130906s2013 ve 001 0 spa d
020 _a9789807364140
040 _aDO-SdBNP
_bspa
_cBNPHU
082 _a335.5
_bI73r, 2013
100 1 _aIsa Conde, Narciso,
_d1942-
_912387
245 1 0 _aRearmando la utopía :
_bdel neoliberalismo global al nuevo socialismo /
_cNarciso Isa Conde ; prólogo Carlos Luis Rivero.
260 _aCaracas, Venezuela :
_bTrinchera,
_c2013.
300 _a482, [12] p. :
_bil. ;
_c21 cm.
504 _aBibliografía : p.483-494
590 _aLa biblioteca posee 2 ejemplares autografiados por el autor.
590 _aInventariado, 2018/LP
650 4 _aSocialismo y sociedad
_xEnsayos, conferencias, etc.
_912388
650 4 _aNeoliberalismo
_xEnsayos, conferencias, etc.
_912389
650 4 _aFormas de gobierno
_xEnsayos, conferencias, etc.
_912390
650 4 _aSistemas políticos
_xHistoria
_ySIGLO XX
_xEnsayos, conferencias, etc.
_912391
700 1 _aRivero, Carlos Luis,
_eprol.
_967164
910 _aValidado. Control de calidad EMS
999 _c40250
_d40250